00897nac a22002291u 4500010001400000020002200014028001400036082001400050090001500064100003400079245008500113260007700198300003000275490002800305500006700333504005200400600002000452650004400472942001700516999001500533952011900548 a012969351 a0415284260 (pbk.) bwww.bl.uk a306bEd33 c2762d2762 aEdgar, Andrew.  aCultural theory :bthe key concepts/cedited by Andrew Edgar and Peter Sedgwick. aLondon : 2002 (2004 [printing])bRoutledge ,2004c2002 (2004 [printing]) axvii,b506 p. ;c 22 cm. a( Routledge key guides) aOriginally published as: Key concepts in cultural theory. 1999 a Includes bibliographical references and index. asedgwick,peter. aCulture -- Terminology -- Dictionaries. cBBk306 Ed33 c2762d2762 00104070aMAINbMAINc1STd2007-04-10ePurchasel11m68o306 EDGp000001526r2025-11-17 00:00:00s2025-10-12yBB